000 00734cab a2200217 4500
001 X2104
008 090401t1995 xxu||||| |||| 00| 0 eng d
035 _a(Sirsi) u21787
041 _aeng
245 _aSalford Van Hire v Bocholt Developments Ltd
260 _c1995
350 _a0
490 _aNew Property Cases
_v(1995) NPC 65
520 _aCA 6 April 1995. A tenant is held not to be in reputed ownership of a van which he has hired from a third party and which is therefore immune from distress by the landlord. NOT TO BE PHOTOCOPIED.
650 _aDISTRAINT OF GOODS
650 _aHIRED VEHICLES
650 _aVANS
690 _aLANDLORD AND TENANT-CASE LAW-BUSINESS TENANCIES
942 _n0
948 _c04/03/1997
999 _c14605
_d14605